Das varietätenreiche Deutsch bakalárska práca

Gespeichert in:
Bibliographische Detailangaben
1. Verfasser: Fitos, Dávid
Körperschaft: Fakulta aplikovaných jazykov EU v Bratislave. Katedra jazykovedy a translatológie
Weitere Verfasser: Adamcová, Lívia
Format: Buch
Sprache:Deutsch
Veröffentlicht: Bratislava 2018
Tags: Tag hinzufügen
Keine Tags, Fügen Sie das erste Tag hinzu!

MARC

LEADER 00000nbm a2200000 4500
001 0244000
005 20181011091625.5
041 0 |a ger 
044 |a SK 
245 1 0 |a Das varietätenreiche Deutsch  |b bakalárska práca  |c Dávid Fitos ; školiteľ: Lívia Adamcová 
264 1 |a Bratislava  |c 2018 
300 |a 60 s. 
100 1 |a Fitos, Dávid 
700 1 |a Adamcová, Lívia 
710 2 |a Fakulta aplikovaných jazykov EU v Bratislave. Katedra jazykovedy a translatológie